Rozpoznaj stolicę po 1 zdjęciu. #1 - Statystyki

Ogólne statystyki
  • Ten quiz został rozwiązany 38 razy
  • Średni wynik to 7 z 16
Statystyki odpowiedzi
Obrazkowy Odpowiedź % Poprawnych
Paryż
92%
Madryt
83%
Waszyngton
78%
Kair
75%
Oslo
67%
Dublin
44%
Lizbona
42%
Dhaka
39%
Canberra
36%
Ottawa
36%
Berno
28%
Caracas
22%
Podgorica
22%
Montevideo
17%
Luanda
6%
Roseau
0%
Nie znaleziono quizów pasujących do podanych kryteriów
Rozkład punktacji
Procent ludzi z każdym wynikiem
Percentyl według liczby udzielonych odpowiedzi
Twoja historia wyników
Nie rozwiązałeś tego quizu